000 00204nam a22000857a 4500
008 240831b |||||||| |||| 00| 0 eng d
020 _a9788779897663
100 _aHubbard Ron L
_97792
245 _aSelf Analysis
999 _c12634
_d12634